Identifying Commercial Airplanes : The new compact study guide and identifier

Bibliographic Details
Main Author: David Lee
Format: Book
Published: New Jersey : Chartwell Books,Inc. , 1998
Series:Identifying
Subjects:

MARC

LEADER 00000cam a2200000 7i4500
001 0000096339
005 20051013.0
020 |a 0785810196 
090 0 0 |a 629.133340423   |b DAV 
100 0 |a David Lee 
245 1 0 |a Identifying Commercial Airplanes :   |b The new compact study guide and identifier   |c David Lee 
260 |a New Jersey :   |b Chartwell Books,Inc. ,   |c 1998 
300 |a 80 p. ;   |c 20 cm. 
490 0 |a Identifying 
650 0 0 |a Transport planes   |x Identifications 
999 |a 00162720   |b BUKU   |c PINJAMAN   |e PERPUSTAKAAN KOMUNITI PETALING JAYA